Israel Esan Owolabi: a pioneering human capital builder: a biographical dialogue

Saved in:
Bibliographic Details
Main Author: NNOCHIRI, Emeka S.
Format: Book
Language:English
Published: Matprint Publishers, 2015.
Tags: Add Tag
No Tags, Be the first to tag this record!

MARC

LEADER 00000nam a22000007a 4500
008 210126b ||||| |||| 00| 0 eng d
020 |a 978-978-946-208-7 
100 |a NNOCHIRI, Emeka S. 
245 |a Israel Esan Owolabi:   |b a pioneering human capital builder: a biographical dialogue  |c Emeka Segun Nnochiri  |g xxix, 253p. 
260 |b Matprint Publishers,   |c 2015.  |h Ibadan:   |i 684057  |i 684058  |i 684059  |i 684060  |i 684061  |i 684055  |l DT515.83 .Ow4N65  |m Owolabi, Israel Esan, 1935-   |m Statement – Nigeria – Biography 
942 |a lcc  |c BK  |e Adeniran, F. A  |f 26/01/2021 
952 |0 0  |1 0  |2 lcc  |4 0  |6 DT051583 O W4 N65  |7 0  |9 1839  |a HOL  |b ART  |c AF  |d 2021-01-26  |l 0  |o DT515.83 .Ow4N65  |p 2021-5711  |r 2021-01-26 00:00:00  |w 2021-01-26  |y BK 
952 |0 0  |1 0  |2 lcc  |4 0  |6 DT051583 O W4 N65  |7 0  |9 1840  |a HOL  |b ED  |c AF  |d 2021-01-26  |l 0  |o DT515.83 .Ow4N65  |p 2021-5712  |r 2021-01-26 00:00:00  |w 2021-01-26  |y BK 
952 |0 0  |1 0  |2 lcc  |4 0  |6 DT051583 O W4 N65  |7 0  |9 1848  |a HOL  |b HOL  |c AF  |d 2021-01-26  |l 0  |o DT515.83 .Ow4N65  |p 2021-5716  |r 2021-01-26 00:00:00  |w 2021-01-26  |y BK 
952 |0 0  |1 0  |2 lcc  |4 0  |6 DT051583 O W4 N65  |7 0  |9 1849  |a HOL  |b HOL  |c AF  |d 2021-01-26  |l 0  |o DT515.83 .Ow4N65  |p 2021-5717  |r 2021-01-26 00:00:00  |w 2021-01-26  |y BK 
952 |0 0  |1 0  |2 lcc  |4 0  |6 DT051583 O W4 N65  |7 0  |9 1850  |a HOL  |b HOL  |c AF  |d 2021-01-26  |l 0  |o DT515.83 .Ow4N65  |p 2021-5718  |r 2021-01-26 00:00:00  |w 2021-01-26  |y BK 
952 |0 0  |1 0  |2 lcc  |4 0  |6 DT051583 O W4 N65  |7 0  |9 1851  |a HOL  |b HOL  |c AF  |d 2021-01-26  |l 0  |o DT515.83 .Ow4N65  |p 2021-5719  |r 2021-01-26 00:00:00  |w 2021-01-26  |y BK 
999 |c 970  |d 970